00427 2200169 4500001002100000005001500021008004100036020002200077035001900099041000700118082001100125090001700136100001300153245003600166260003300202300002200235INLIS00000000000020020241224112131241224||||||||| | ||| |||| || |  a978-979-076-396-8 0010-1224000200 aid0 a338.04 a338.04 RUS k0 aRusdiana00aKewirausahaan Teori Dan Praktik aBandungbPustaka Setiac2014 a380 hlm.; 23,5 cm